000 00764cam a2200229 4500
001 J3130
008 090401t1995 xxu||||| |||| 00| 0 eng d
035 _a(Sirsi) u53249
041 _aeng
050 _a630.026
_c18
090 _a630.026
110 _aMinistry of Agriculture Fisheries and Food
245 2 _aA guide to the Agricultural Tenancies Act 1995
260 _aLondon
_bMAFF
_c1995
300 _a24p.
_c21cm.
350 _a0
520 _aSummarises the key provisions of the Agricultural Tenancies Act 1995 and provides answers to some frequently asked questions.
650 _aAGRICULTURAL TENANCIES ACT 1995
690 _aPROPERTY-LEASEHOLD PROPERTY-LANDLORD AND TENANT-TENANCIES-AGRICULTURAL TENANCIES
942 _n0
948 _c04/03/1997
999 _c93242
_d93242